000 00426nam a2200157Ia 4500
999 _c1443
_d1443
003 OSt
005 20200924105139.0
008 190216s9999||||xx |||||||||||||| ||und||
040 _coclc
082 _a581
_bGAN/G
100 _aGanguly, Amar K
_94631
245 0 _aGeneral Botany /
_cAmar K Ganguly
260 _bEmkay Pubs,
_c1992.
_aDelhi:
300 _a589p
942 _cBK
_2ddc
_h581
_iGAN/G
_k581
_mGAN/G